| 000 | 00864nam a2200241 a 4500 | ||
|---|---|---|---|
| 001 | 42243 | ||
| 003 | BD-RjUL | ||
| 005 | 20211209053519.0 | ||
| 008 | 160611s1949 ilu 00000 eng d | ||
| 035 | _a(BD-RjUL)42361 | ||
| 040 |
_aANL _beng _dANL _cBD-RjUL |
||
| 041 | _aeng | ||
| 082 | 0 |
_a973 _bPEO 1949 |
|
| 245 | 0 | 4 |
_aThe People shall judge : _breadings in the formation of American policy / _cselected and edited by the staff, Social Sciences 1, the College of the University of Chicago. |
| 260 |
_aChicago : _bUniversity of Chicago Press, _c1949. |
||
| 300 |
_a v. ; _c25 cm. |
||
| 505 | 0 | _aV 2 -- | |
| 651 | 0 |
_aUnited States _xHistory. _9129913 |
|
| 651 | 0 |
_aUnited States _xPolitics and government. _9129914 |
|
| 651 | 0 |
_aUnited States _xHistory _xSources. _9129915 |
|
| 651 | 0 |
_aUnited States _xPolitics and government _xSources. _9129916 |
|
| 942 |
_2ddc _cBK |
||
| 999 |
_c42243 _d42243 |
||